Strategies for change : logical incrementalism

Αποθηκεύτηκε σε:
Λεπτομέρειες βιβλιογραφικής εγγραφής
Κύριος συγγραφέας: Quinn, James Brian, 1928-2012
Μορφή: Βιβλίο
Γλώσσα:English
Δημοσίευση: Homewood, Ill. : R.D. Irwin, 1980
Σειρά:Irwin series in management and the behavioral sciences
Θέματα:
Ετικέτες: Προσθήκη ετικέτας
Δεν υπάρχουν, Καταχωρήστε ετικέτα πρώτοι!

MARC

LEADER 00000cam a2200000 i 4500
001 1/26835
008 950725s1980 eng d
020 |a 0870942204 ((pbk.)) 
020 |a 0256025436 
035 |l 10022746 
040 |a GR-MY-UA  |b gre  |e aacr 
041 0 |a eng 
082 0 |a 658.406  |2 (19) 
100 1 |a Quinn, James Brian,   |d 1928-2012. 
245 1 0 |a Strategies for change :  |b logical incrementalism /  |c James Brian Quinn 
260 |a Homewood, Ill. :   |b R.D. Irwin,   |c 1980 
300 |a xvi, 222 p.;  |b ill.;  |c 23 cm 
490 1 |a Irwin series in management and the behavioral sciences 
504 |a Bibliography: p. 211-222 
650 0 0 |a Business planning. 
650 0 0 |a Management. 
830 0 |a Irwin series in management and the behavioral sciences 
852 |a INST  |b CHIOS  |e 19950725  |h 658.406 QUI  |p 005200004026  |q 005200004026  |t BK  |y 0 
909 |a Χ  |b 024920